| 000 | 00773nam a2200205 a 4500 | ||
|---|---|---|---|
| 001 | 000044645 | ||
| 005 | 20201002045525.0 | ||
| 008 | 141210s2014 dr a 000 0 spa d | ||
| 020 | _a9789945492408 | ||
| 040 |
_aDO-SdBNP _bspa _cBNPHU |
||
| 082 |
_axxxxxx _bxxxxxx |
||
| 100 | 1 |
_aAbréu, Dió-genes, _d1959- _914466 |
|
| 245 | 1 | 0 |
_aSin haitianidad no hay dominicanidad : _bcartografía de una identidad que se bifurca / _cDió-genes Abréu. |
| 260 |
_aSanto Domingo, : _bNacional, _c2014. |
||
| 300 |
_a263 p. : _bil. ; _c23 cm. |
||
| 500 | _aIncluye datos biográficos del autor en las solapas | ||
| 500 | _aIncluye referencias bibliográficas y notas al pie de las páginas | ||
| 504 | _aBibliografías : p. 251-263 | ||
| 586 | _aPremio de ensayo Letras de Ultramar 2013 | ||
| 999 |
_c44134 _d44134 |
||